[Event "Cappelle"]
[Site "Cappelle la Grande"]
[Date "1994.??.??"]
[Round "4"]
[White "Apicella, Manuel"]
[Black "Flear, Glenn C"]
[Result "1-0"]
[WhiteElo "2465"]
[BlackElo "2505"]
[Annotator "Vaisser,A"]
[PlyCount "85"]
[EventDate "1994.07.??"]
[EventType "tourn"]
[EventRounds "9"]
[EventCountry "FRA"]
[EventCategory "10"]
[SourceTitle "CBM 044"]
[Source "ChessBase"]
[SourceDate "1995.02.01"]
[SourceVersion "1"]
[SourceVersionDate "1995.02.01"]
[SourceQuality "1"]

1. e4 e5 2. Nf3 Nc6 3. Bb5 a6 4. Ba4 Nf6 5. O-O Nxe4 6. d4 b5 7. Bb3 d5 8. dxe5
Be6 9. Qe2 Be7 10. Rd1 O-O 11. c3 Qd7 $5 (11... Nc5 12. Bc2 Bg4 13. b4 $6 {
Short-Timman, cf 1993}) 12. Be3 f5 13. exf6 $1 (13. Nbd2 $6 Na5 14. Nd4 c5 15.
Nxe6 Qxe6 $15) 13... Bxf6 14. Bc2 Qf7 15. Nbd2 Nd6 16. Ng5 Bxg5 17. Bxg5 d4 $1
18. Ne4 $1 Rae8 $1 19. Nxd6 cxd6 20. Qd2 (20. cxd4 $2 Bc4 21. Qf3 $8 Qxf3 22.
gxf3 Re2 $17) 20... dxc3 21. bxc3 Ne5 22. Bh4 $1 $14 Nc4 23. Qd4 Bf5 24. Bxf5
Qxf5 25. Bg3 Re2 26. h3 $6 (26. a4 $1 h5 (26... Nb2 $6 27. Re1 Rxe1+ 28. Rxe1
bxa4 29. Bxd6 $16) 27. axb5 axb5 28. Ra7 $40) 26... h5 $1 27. a4 h4 $1 28. axb5
$4 (28. Qxh4 Re4 29. f4 Re2 30. Re1 Rxe1+ 31. Bxe1 Qxf4 $10) 28... axb5 $4 (
28... Re4 $1 $19) (28... hxg3 $4 29. Qxc4+ Qe6 30. Qxe6+ Rxe6 31. bxa6 $16) 29.
Ra7 Qg6 30. Qd5+ Kh7 31. Rd4 $1 (31. Bxh4 Rf5 32. Qd3 (32. Qc6 $2 Ne5 33. Qb6
Nf3+ 34. Kf1 Rd2 $1 35. Rxd2 Nxd2+ 36. Ke2 Rd5 $19) (32. Qb7 $2 Ne3 $1 33. Rda1
$1 Rf7 $1 34. Qc6 Rxa7 35. Rxa7 Re1+ $19) (32. Qa8 Ne3 $1 (32... d5 $2 33. Re7
$1 $16) 33. fxe3 d5 34. g3 $1 (34. g4 $2 Qd6 $1) 34... Rff2 (34... Qe6 $2 35.
Re7 Rff2 36. Qf8 $3 $18) (34... Qh5 $5) 35. Qxd5 Rg2+ $10) 32... Ne3 33. Bg3
Nxd1 34. Qxe2 Nxc3 35. Qd3 b4 36. Bxd6 Nb5 37. Rd7 (37. Ra6 $2 Rg5 $19) 37...
b3 38. Bf8 $1 Rf7 $1 39. Qxb5 Rxd7 40. Qxb3 $10 (40. Qxd7 $4 b2)) 31... Re1+ $2
(31... hxg3 32. Rh4+ Qh6 33. fxg3 (33. Rxh6+ Kxh6 34. fxg3 Ne3 35. Qb7 Re1+ 36.
Kh2 Nf1+ $10) 33... Re1+ 34. Kh2 Qxh4 $1 (34... Ne3 $2 35. Rxh6+ Kxh6 36. Qd2
$18) 35. gxh4 Ne3 36. Qd3+ Kg8 37. g4 (37. Kg3 $4 Nf1+ 38. Kg4 Nh2+ 39. Kg3 (
39. Kg5 Re5+ 40. Kg6 Rf6#) 39... Re3+ $1 40. Qxe3 Nf1+ $19) 37... Nf1+ 38. Kg2
Ne3+ $10) (31... Qb1+ 32. Kh2 hxg3+ 33. fxg3 (33. Kxg3 $2 Qg6+ 34. Rg4 (34. Kh2
Qh6) 34... Re5 $1 $17 (34... Rf5 $4 35. Rxg7+ $1 Kxg7 36. Qxf5) 35. Rxg7+ (35.
Qd4 Rg5) 35... Kxg7 36. Rxg6+ Kxg6 37. Qd3+ Kg7) 33... Rf5 $1 34. Rh4+ Kg6 35.
Rg4+ Kh6 36. Qb7 Rxg2+ $1 37. Qxg2 Ne3 38. Qd2 (38. Qa2 Nf1+ 39. Kg1 Qe1 40.
Rh4+ Kg6 41. Rxg7+ Kxg7 42. Qa7+ Rf7 43. Rh7+ Kxh7 44. Qxf7+ Kh8 45. Qf8+ $10)
38... Kh5 39. Rh4+ Kg6 40. Qxd6+ Rf6 41. Rxg7+ $1 Kxg7 42. Qe7+ Rf7 43. Qe5+
Rf6 $10 44. Qxe3 Qc2+ 45. Kg1 Qd1+ 46. Kh2 $10) 32. Kh2 hxg3+ 33. fxg3 Qf5 $1 (
33... Ne3 $2 34. Rh4+ Qh6 35. Rxh6+ Kxh6 36. Qd2 $18) 34. Rh4+ Kg6 35. Qb7 $2 (
35. Rg4+ $4 Qxg4 $1 36. Qb7 (36. hxg4 Rh8+) 36... Kf6 $1 $19) (35. Qd4 $1 Ne5
36. Rf4 Qb1 (36... Qc8 37. Qxd6+ Rf6 38. Rxg7+ Kxg7 39. Qxf6+ $18) 37. Qxd6+
Rf6 38. Rxg7+ Kxg7 39. Qxf6+ $18) 35... Rg8 36. Rg4+ Kh6 (36... Qxg4 $2 37.
Qf7+ Kg5 38. Qxg8 Qd1 39. Qxg7+ Kf5 40. Qh7+ $1 Ke5 41. Re7+ Kd5 42. Qg8+ Kc6
43. Qa8+ Kc5 44. Rc7+ Kb6 45. Rc6#) 37. Rh4+ Kg6 (37... Kg5 $2 38. Rh5+ $1 Kxh5
39. g4+ $18) 38. Rg4+ Kh6 39. Rxg7 Rh8 $2 (39... Qf1 $2 40. Rh7+ Kg6 41. Rh6+
$1 Kg5 42. h4+ Kg4 43. Qd7+ Qf5 44. Qg7+ $18) (39... Nd2 $1 40. Rh7+ Kg6 41.
Rg7+ Kh6 $10) 40. Rf7 Qg6 41. Qf3 $1 Ne3 (41... Ne5 42. Qf4+ Qg5 43. Rf8 $1 $18
) (41... Re6 42. Rf5 $1 $18) 42. Qf4+ Qg5 43. Qxd6+ (43. Rh7+ $4 Rxh7 44. Rxh7+
Kxh7 45. Qxg5 Nf1+ 46. Kg1 Nxg3+ 47. Kf2 $2 Ne4+) (43. Qxd6+ Qg6 44. Qf4+ (44.
Rf6 $4 Ng4+ $1 45. hxg4 Kg5+) 44... Qg5 45. Ra6+ Kh5 46. Qf3+ Qg4 $1 47. Rf5+
$1 $18) 1-0